000 00633nam a22001817a 4500
003 OSt
005 20221028170714.0
008 221021b |||||||| |||| 00| 0 eng d
040 _cBiblioteca LadoV
082 _a700.74
_bK14ur
100 _9235
_aKalenberg, Angel
_eautor
245 _aUruguay/
_bXLIIL Biennale di Venezia/
260 _aUruguay
_c1988
_bMuseo Nacional de Artes Plásticas y Visuales
_bMinisterio de Educación y Cultura
300 _a40p.
_c23x28cm
650 _2Tesauro de Arte & Arquitectura
_aBIENNALE
650 _2Tesauro de Arte & Arquitectura
_aARTE
942 _2ddc
_c1
_h700.74
_iK14ur
_n0
999 _c2399
_d2399